| 000 | 00847nam a22002297a 4500 | ||
|---|---|---|---|
| 999 |
_c9325 _d9325 |
||
| 003 | AR-CdUCM | ||
| 008 | 190327b ||||| |||| 00| 0 spa d | ||
| 040 |
_aMUNICIPALIDAD PROVINCIAL DEL CUSCO _cBIBLIOTECA MUNICIPAL DEL CUSCO |
||
| 041 | _heng | ||
| 082 |
_a792.01 / _bW92 |
||
| 100 |
_aWright, Edward A. _925442 |
||
| 245 |
_aPara comprender el teatro actual : _bCine, teatro y televisión / |
||
| 260 |
_aMéxico, D.F : _bFondo de Cultura Económica, _c1962. |
||
| 300 |
_a252 páginas ; _c17 cm. |
||
| 500 | _aDonación familia Nieto | ||
| 505 | _aContenido: Una visión del teatro -- EL drama y el dramaturgo -- La actuación y los actores -- El trasfondo y los técnicos -- La dirección y el director... | ||
| 650 |
_aTeatro _9173 |
||
| 650 |
_aCinematografía _95757 |
||
| 650 |
_aSiglo XX _98 |
||
| 942 |
_2ddc _cLIBROS |
||
| 945 | _adavv | ||